| 000 | 00682nam a2200145Ia 4500 | ||
|---|---|---|---|
| 008 | 231221s9999 xx 000 0 und d | ||
| 041 | _aEnglish | ||
| 100 | _aDon Bosco Institute of Technology AICTE, ISTE | ||
| 245 | 0 | _aManaging Knowledge Resources in the Digital Era [electronic resource : Course material] AICTE - ISTE STTP held from 2nd to 13th August 2004 at Don Bosco Institute of Technology, Bangalore | |
| 260 |
_c2004/08 _bDon Bosco Institute of Technology _aBangalore |
||
| 300 | _cCD3094 | ||
| 650 | _aKnowledge Resources | ||
| 650 | _aManaging,Knowledge,Resources,Digital,:,Course,material],AICTE,-,ISTE,STTP,2nd,13th,August,2004,Don,Bosco,Technology, | ||
| 942 | _cDL | ||
| 999 |
_c204882 _d204882 |
||